Фтороаммонийная технология переработки минерального сырья: диссертация на соискание ученой степени доктора технических наук; спец. 05.17.02

Бібліографічні деталі
Автор: Дьяченко А. Н. Александр Николаевич
Співавтор: Томский политехнический университет (ТПУ)
Інші автори: Буйновский А. С. Александр Сергеевич (научный консультант)
Резюме:For_staff_use
Мова:Російська
Опубліковано: Томск, [Б. и.], 2008
Предмети:
Формат: Книга
KOHA link:https://koha.lib.tpu.ru/cgi-bin/koha/opac-detail.pl?biblionumber=133407

MARC

LEADER 00000nbm0a2200000 4500
001 133407
005 20231031135322.0
035 |a (RuTPU)RU\TPU\book\144569 
090 |a 133407 
100 |a 20080317j20080314k y0rusy50 ca 
101 0 |a rus 
102 |a RU 
105 |a a m 001zy 
200 1 |a Фтороаммонийная технология переработки минерального сырья  |e диссертация на соискание ученой степени доктора технических наук  |e спец. 05.17.02  |f А. Н. Дьяченко  |g Томский политехнический университет (ТПУ) ; науч. конс. А. С. Буйновский 
210 |a Томск  |c [Б. и.]  |d 2008 
215 |a 338 л.  |c ил. 
229 |a Защищена 14.03.2008 г. 
320 |a Библиогр.: с. 305-338 (450 назв.). 
371 0 |a For_staff_use 
610 1 |a минеральное сырье 
610 1 |a переработка 
610 1 |a фтороаммонийная технология 
610 1 |a металлооксидные силикатные системы 
610 1 |a галогеноаммонийная переработка 
610 1 |a физико-химические основы 
610 1 |a диоксид циркония 
610 1 |a микроволокна 
610 1 |a получение 
610 1 |a циркон 
610 1 |a вскрытие 
610 1 |a ильменит 
610 1 |a пигментный диоксид титана 
610 1 |a муллитовые огнеупоры 
610 1 |a топазовый концентрат 
610 1 |a бериллийсодержащее сырье 
610 1 |a техногенное сырье 
610 1 |a диссертации 
610 1 |a труды учёных ТПУ 
675 |a 661.2/.6(04)  |v 3 
686 |a 05.17.02  |2 oksvnk 
700 1 |a Дьяченко  |b А. Н.  |c химик-технолог  |c профессор Томского политехнического университета, доктор технических наук  |f 1977-  |g Александр Николаевич  |2 stltpush  |3 (RuTPU)RU\TPU\pers\27691 
702 1 |a Буйновский  |b А. С.  |c российский химик  |c профессор Томского политехнического университета  |f 1940-  |g Александр Сергеевич  |2 stltpush  |3 (RuTPU)RU\TPU\pers\21950  |4 695 
712 0 2 |a Томский политехнический университет (ТПУ)  |z 1991-  |2 stltpush  |3 (RuTPU)RU\TPU\col\376 
801 1 |a RU  |b 63413507  |c 20080317  |g PSBO 
801 2 |a RU  |b 63413507  |c 20150401  |g PSBO 
942 |c BK